Cómo hacer negocios en Internet /

Guardado en:
Autor Principal: Serebrinsky, Horacio.
Autor Corporativo: Business to business
Formato: Libro
Idioma:Spanish
Publicado: [Buenos Aires : Editorial Coyuntura], 1996.
Materias:
Etiquetas: Agregar Etiqueta
Sin Etiquetas, Sea el primero en etiquetar este registro!
LEADER 00729nam a2200169a 4500
001 EAD.ead002521
008 080718s1996####ag############000#0#spa#d
005 20101117132613.0
245 1 0 |a Cómo hacer negocios en Internet /  |c Horacio Serebrinsky. 
260 |a [Buenos Aires :  |b Editorial Coyuntura],  |c 1996. 
300 |a 20 p. ;  |c 2 cm. 
500 |a "Exposición realizada en la segunda jornada de Business to business '96, organizada por la revista Mercado. Buenos Aires, 20 de marzo de 1996."--Port. 
100 1 |a Serebrinsky, Horacio. 
711 2 |a Business to business  |n (2a. :  |d 1996 :  |c Buenos Aires) 
082 0 4 |a 658.8721  |2 21 
650 7 |a Comercio electrónico.  |2 unbist 
859 |a AR-BaBDC  |b BIB. ADMINISTRACION - Libros  |h 658.8721  |i Se66  |p b03379